SharePoint /

SharePoint® 2010 How-To Ishai Sagi Real Solutions for SharePoint 2010 Users Need fast, reliable, easy-to-implement solutions for SharePoint 2010? This book delivers exactly what you're looking for: step-by-step help and guidance with the tasks that users, authors, content managers, and site man...

Full description

Bibliographic Details
Main Author: Sagi, Ishai (Author)
Corporate Author: Safari, an O'Reilly Media Company
Format: eBook
Language:English
Published: Sams, 2010.
Edition:1st edition.
Subjects:
Online Access:Connect to this electronic resource

MARC

Tag First Indicator Second Indicator Subfields
LEADER 00000uam a2200000 a 4500
001 in00004259113
005 20260128182905.7
006 m o d
007 cr cn
008 060613s2010 xx o eng
020 |z 9780132487481 
020 |z 067233335X 
020 |z 9780672333354 
020 |z 0132487489 
035 |a (CaSebORM)9780132487481 
040 |d UtOrBLW 
041 0 |a eng 
100 1 |a Sagi, Ishai,  |e author.  |0 http://id.loc.gov/authorities/names/n2009014649 
245 1 0 |a SharePoint /  |c Sagi, Ishai. 
250 |a 1st edition. 
264 1 |b Sams,  |c 2010. 
300 |a 1 online resource (400 pages) 
336 |a text  |b txt  |2 rdacontent 
337 |a computer  |b c  |2 rdamedia 
338 |a online resource  |b cr  |2 rdacarrier 
347 |a text file 
520 |a SharePoint® 2010 How-To Ishai Sagi Real Solutions for SharePoint 2010 Users Need fast, reliable, easy-to-implement solutions for SharePoint 2010? This book delivers exactly what you're looking for: step-by-step help and guidance with the tasks that users, authors, content managers, and site managers perform most often. Fully updated to reflect SharePoint 2010's latest improvements, this book covers everything from lists and views to social networking, workflows, and security. The industry's most focused SharePoint resource, SharePoint 2010 How-To provides all the answers you need-now! Fast, Accurate, and Easy to Use! Quickly review essential SharePoint terminology and concepts Find, log on to, and navigate SharePoint sites Create, manage, and use list items, documents, and forms Set up alerts to notify you about new or changed content Use views to work with content more efficiently Make the most of search in SharePoint Server and SharePoint Foundation Organize content with lists, document libraries, and templates Use powerful new social networking features, including tagging, NewsFeed updates, and blogs Author and edit each type of SharePoint page Manage site security and control access to specific content Create workflows, track them, and link them to lists or libraries Create Meeting Workspaces for individual projects Customize a site's appearance, settings, and behavior Work efficiently with SharePoint 2010's updated interface and new Ribbon www.extelligentdesign.com Category:  Microsoft Servers/SharePoint User Level: Beginner-Intermediate 
533 |a Electronic reproduction.  |b Boston, MA :  |c Safari,  |n Available via World Wide Web.  |d 2011. 
538 |a Mode of access: World Wide Web. 
542 |f Copyright © 2011 by Sams Publishing  |g 2011 
588 |a Online resource; Title from title page (viewed August 15, 2010) 
500 |a Electronic resource. 
655 7 |a Electronic books.  |2 local 
710 2 |a Safari, an O'Reilly Media Company. 
856 4 0 |u https://proxy.library.tamu.edu/login?url=https://go.oreilly.com/TAMU/library/view/-/9780132487481/?ar  |z Connect to this electronic resource  |t 0 
999 f f |s b565e323-1c49-34a4-a8ff-4b2d5dabeb8e  |i a5a1a4ab-9181-3085-8b82-1de1e5ace257  |t 0 
952 f f |a Texas A&M University  |b College Station  |c Electronic Resources  |s www_evans  |d Available Online  |t 0  |h No information provided 
998 f f |t 0  |l Available Online